Tekst piosenki "Wszystko jedno" - Statystyki

Ogólne statystyki
  • Ten quiz został rozwiązany 13 razy
  • Średni wynik to 9 z 16
Statystyki odpowiedzi
Teskt % Poprawnych
Jest mi doskonale {wszystko} {jedno}
100%
Jeśli {jutra} nie ma być na pewno
92%
Jeśli {jutra} nie ma być na pewno
92%
Jeśli to ostatni w {życiu} {dzień}
92%
Jeśli to ostatni w {życiu} {dzień}
92%
Wiem, że dzisiaj tańczysz {tylko} {ze} {mną}
69%
Choć na chwilę złapmy {oddech}
62%
{Chmury} płyną gdzieś za oknem
54%
{Słońce} patrzy w dół, zazdrosne
54%
Z każdym {łykiem} żal mi coraz mniej
54%
Z każdym {łykiem} żal mi coraz mniej
54%
W zimny wieczór, jak na {wiosnę}
38%
I wszystko {jasne}, i takie proste, proste
31%
Słowa milczą jak {najgłośniej}
23%
A ty przez ulicę znów {nieostrożnie}
15%
{Biegniesz} do mnie tu, do mnie
15%
Nie znaleziono quizów pasujących do podanych kryteriów
Rozkład punktacji
Procent ludzi z każdym wynikiem
Percentyl według liczby udzielonych odpowiedzi
Twoja historia wyników
Nie rozwiązałeś tego quizu